000 00939nam a2200253Ia 4500
003 OSt
005 20221005111716.0
006 a|||||r|||| 00| 0
007 ta
008 221004b |||||||| |||| 00| 0 hin d
024 _a31043
037 _cTextual
040 _aCRL
_cCRL
_bhin
041 _2hin
_ahin
082 _aR3xM13, 152M8
100 _aसक्सेना, लक्ष्मी
245 0 _aअस्तित्ववाद के प्रमुख विचारक
246 _aAstitvavād ke pramukh vichāraka
260 _aभोपाल
_bमध्यप्रदेश हिंदी ग्रंथ अकादमी भारत
_c1988
300 _a258पृ.
_ccm.
700 _a मिश्र, सभाजीत
942 _hR3xM13, 152M8
_cTEXL
_2cc
999 _c1022661
_d1022661